书目信息 |
| 题名: |
煤炭企业法律风险控制与管理规章指南
|
|
| 作者: | 李浩然 著 | |
| 分册: | ||
| 出版信息: | 北京 中国法制出版社 2012 |
|
| 页数: | 254页 | |
| 开本: | 24cm | |
| 丛书名: | ||
| 单 册: | ||
| 中图分类: | D922.624 , F426.21 | |
| 科图分类: | ||
| 主题词: | 煤炭法--研究--中国 , 煤炭工业--工业企业管理--研究--中国 , 煤炭法 , 煤炭工业 , 工业企业管理 | |
| 电子资源: | ||
| ISBN: | 978-7-5093-3752-3 | |
| 000 | 01193nam0 2200301 450 | |
| 001 | 523 | |
| 005 | 20140908082243.90 | |
| 010 | @a978-7-5093-3752-3@dCNY49.00 | |
| 100 | @a20121030d2012 em y0chiy50 ea | |
| 101 | 0 | @achi |
| 102 | @aCN@b110000 | |
| 105 | @ay z 000yy | |
| 106 | @ar | |
| 200 | 1 | @a煤炭企业法律风险控制与管理规章指南@AMei Tan Qi Ye Fa Lu^ Feng Xian Kong Zhi Yu Guan Li Gui Zhang Zhi Nan@dGuidebook on legal risk control and regulation management in coal enterprises@f李浩然著@FLi Hao Ran Zhu@zeng |
| 210 | @a北京@c中国法制出版社@d2012 | |
| 215 | @a254页@d24cm | |
| 330 | @a本书分为煤炭企业法律风险控制和煤炭企业管理规章指引两篇,内容包括:煤炭企业法律风险控制总论、煤炭企业债券法律风险与控制、煤炭企业煤炭销售制度、煤炭企业安全生产管理制度等。 | |
| 510 | 1 | @aGuidebook on legal risk control and regulation management in coal enterprises@zeng |
| 606 | 0 | @a煤炭法@x研究@y中国 |
| 606 | 0 | @a煤炭工业@x工业企业管理@x研究@y中国 |
| 606 | 0 | @a煤炭法 |
| 606 | 0 | @a煤炭工业 |
| 606 | 0 | @a工业企业管理 |
| 690 | @aD922.624@v5 | |
| 690 | @aF426.21@v5 | |
| 701 | 0 | @a李浩然@ALi Hao Ran@4著 |
| 801 | 0 | @aCN@bTANGWEI@c20140603 |
| 905 | @b0839770-72@dD922.624@e1172@f3 | |
| 煤炭企业法律风险控制与管理规章指南=Guidebook on legal risk control and regulation management in coal enterprises/李浩然著.-北京:中国法制出版社,2012 |
| 254页;24cm |
| ISBN 978-7-5093-3752-3:CNY49.00 |
| 本书分为煤炭企业法律风险控制和煤炭企业管理规章指引两篇,内容包括:煤炭企业法律风险控制总论、煤炭企业债券法律风险与控制、煤炭企业煤炭销售制度、煤炭企业安全生产管理制度等。 |
| ● |
| 相关链接 |
|
|
|
|
正题名:煤炭企业法律风险控制与管理规章指南
索取号:D922.624/1172
 
预约/预借
| 序号 | 登录号 | 条形码 | 馆藏地/架位号 | 状态 | 备注 |
| 1 | 0839770 | 208397705 | 第一样本阅览室/ [索取号:D922.624/1172] | 在馆 | |
| 2 | 0839771 | 208397714 | 第一借阅区/ [索取号:D922.624/1172] | 在馆 | |
| 3 | 0839772 | 208397723 | 密集书库-史法系/ [索取号:D922.624/1172] | 在馆 |